Psychologie et psychopathologie des émotions (notice n° 2189666)

détails MARC
000 -LEADER
fixed length control field 01559cam a2200133 4500500
005 - DATE AND TIME OF LATEST TRANSACTION
control field 20260405064633.0
041 ## - LANGUAGE CODE
Language code of text/sound track or separate title fre
042 ## - AUTHENTICATION CODE
Authentication code dc
100 10 - MAIN ENTRY--PERSONAL NAME
Personal name Pasquier, Aurélie
Relator term author
245 00 - TITLE STATEMENT
Title Psychologie et psychopathologie des émotions
260 ## - PUBLICATION, DISTRIBUTION, ETC.
Name of publisher, distributor, etc. Dunod,<br/>
Date of publication, distribution, etc. 2021.<br/>
520 ## - SUMMARY, ETC.
Summary, etc. Les émotions font partie de notre quotidien et suscitent un intérêt grandissant. Mais qu’est-ce que l’émotion ? Comment est-elle définie ? Qu’est-ce qui la différencie de l’affect et du sentiment ? Quelles sont ses composantes et ses fonctions ?Les composantes physiologique, subjective et comportementale permettent habituellement de décrire l’émotion. Cependant, appréhender la composante subjective de l’émotion n’est pas chose aisée, c’est pourquoi cet ouvrage propose, de manière non exhaustive, de rendre compte et d’analyser la façon dont les phénomènes émotionnels sont étudiés depuis plus d’un siècle dans le champ des sciences humaines et sociales.Les troubles émotionnels les plus fréquents que sont l’anxiété et la dépression mais également ceux qui touchent à la reconnaissance ou à l’expression des émotions sont présentés et questionnés, ainsi que leurs modalités de prise en charge thérapeutique.Les étudiants comme les praticiens s’inscrivant dans les champs de la psychologie, de l’éducation ou de la santé trouveront ici le plus utile des ouvrages.
856 41 - ELECTRONIC LOCATION AND ACCESS
Uniform Resource Identifier <a href="https://shs.cairn.info/psychologie-et-psychopathologie-des-emotions--9782100799138?lang=fr&redirect-ssocas=7080">https://shs.cairn.info/psychologie-et-psychopathologie-des-emotions--9782100799138?lang=fr&redirect-ssocas=7080</a>

Pas d'exemplaire disponible.

PLUDOC

PLUDOC est la plateforme unique et centralisée de gestion des bibliothèques physiques et numériques de Guinée administré par le CEDUST. Elle est la plus grande base de données de ressources documentaires pour les Étudiants, Enseignants chercheurs et Chercheurs de Guinée.

Adresse

627 919 101/664 919 101

25 boulevard du commerce
Kaloum, Conakry, Guinée

Réseaux sociaux

Powered by Netsen Group @ 2025